| 000 | 00664cab a2200229 4500 | ||
|---|---|---|---|
| 001 | WB3106-39 | ||
| 008 | 090401t1995 xxu||||| |||| 00| 0 eng d | ||
| 035 | _a(Sirsi) u72256 | ||
| 041 | _aeng | ||
| 245 | _aTwo Community forests to go ahead | ||
| 260 | _c1995 | ||
| 350 | _a0 | ||
| 490 |
_aDoE News Release _v(53) 7 February 1995, (3) |
||
| 520 | _aCommunity forest schemes Marston Vale and Great Western at Swindon have won government approval. | ||
| 650 | _aCOMMUNITY FOREST PROGRAMME | ||
| 650 | _aCOMMUNITY FORESTS | ||
| 650 | _aCOUNTRYSIDE COMMISSION | ||
| 650 | _aURBAN FRINGE | ||
| 690 | _aRURAL PRACTICE | ||
| 942 | _n0 | ||
| 948 | _c04/03/1997 | ||
| 999 |
_c45629 _d45629 |
||